|
|
|
|
| LEADER |
01185nam a2200313 a 4500 |
| 001 |
16623 |
| 003 |
BD-DhAAL |
| 008 |
090622r20042002flua b 001 0 eng d |
| 999 |
|
|
|c 1641
|d 1641
|
| 010 |
|
|
|a \\2005272826
|
| 020 |
|
|
|a 1855734672 (Woodhead)
|
| 020 |
|
|
|a 0849314364 (CRC)
|
| 040 |
|
|
|a UAT
|c UAT
|d OCLCQ
|d NDD
|d DLC
|
| 082 |
0 |
0 |
|a 664/.8
|2 22
|
| 245 |
0 |
0 |
|a Fruit and vegetable biotechnology /
|c edited by Victoriano Valpuesta.
|
| 260 |
|
|
|a Boca Raton, Fla. :
|b CRC Press,
|c 2002 [reprinted 2004]
|
| 300 |
|
|
|a xi, 338 p. :
|b ill. ;
|c 24 cm.
|
| 490 |
1 |
|
|a Woodhead Publishing in food science and technology
|
| 504 |
|
|
|a Includes bibliographical references and index.
|
| 541 |
1 |
|
|e 16623
|
| 650 |
|
0 |
|a Genetically modified foods.
|9 44811
|
| 650 |
|
0 |
|a Agricultural biotechnology.
|9 44812
|
| 650 |
|
0 |
|a Fruit
|x Genetics.
|9 44813
|
| 650 |
|
0 |
|a Vegetables
|x Genetics.
|9 44814
|
| 650 |
|
0 |
|a Pharmacy.
|9 44815
|
| 700 |
1 |
|
|a Valpuesta, Victoriano.
|9 44816
|
| 852 |
4 |
|
|a Ayesha Abed Library
|c General Stacks
|
| 942 |
|
|
|2 ddc
|c BK
|
| 952 |
|
|
|0 0
|1 0
|2 ddc
|4 0
|6 664_800000000000000_FRU
|7 0
|9 1506
|a BRACUL
|b BRACUL
|c GEN
|d 2009-06-28
|g 1900.00
|l 3
|m 4
|o 664.8 FRU
|p 3010016623
|r 2024-09-22
|s 2024-05-26
|t 1
|w 2009-06-28
|y BK
|